000 01183nam a22002417a 4500
999 _c171865
_d171865
005 20200122154204.0
010 _aB-197874
020 _c300.00
_a817003946
035 _aB-197874
037 _bCen Lib/Ret
082 _a020
_bलालसी
100 _aलाल, सी.
245 _aग्रन्थालय एवम् सूचना विज्ञान अध्य्यन माला :
_bएम.लिब. परीक्षाओं हेतु /
_cसी.लाल [एवं] के.कुमार
260 _aनयी दिल्ली:
_bएस.एस. पब्लिकेशन,
_c2009
270 _bनयी दिल्ली
_a4837/24, अंसारी रोड, दरियागंज
_e110002
300 _a156पृ.;
_c20सेमी(सजिल्द )
650 _aग्रंथालय विज्ञान
_x
_z
650 _aग्रंथालय विज्ञान -- सूचना विज्ञान
650 _aLibrary Science
650 _aLibrary Science - Information Sciences
700 _aकुमार, के
_943844
942 _2ddc
_cHN
_h020
_mलालसी